Human Rights Law and Evidence-Based Policy : The Impact of the EU Fundamental Rights Agency /

Gespeichert in:
Bibliographische Detailangaben
1. Verfasser: Byrne, Rosemary (edición)
Weitere Verfasser: Entzinger, Han (edición) (edición)
Format: Buch
Sprache:Englisch
Veröffentlicht: Exeter, Inglaterra : Routledge, 2020, c2020
Schriftenreihe:(Routledge Research in Human Rights Law)
Schlagworte:
Tags: Tag hinzufügen
Keine Tags, Fügen Sie das erste Tag hinzu!

MARC

LEADER 00000nam^a2200000^a^4500
001 000418867
005 20250521000000.0
009 20260310122429.046
020 |a 978-0-367-18699-9 
037 |a Acervo ITESO - Biblioteca 
041 |a ING 
082 |a 323. 0940  |b BYR 
100 |a Byrne, Rosemary  |e (edición) 
245 1 0 |a Human Rights Law and Evidence-Based Policy :  |b The Impact of the EU Fundamental Rights Agency /  |c Ed. de R. Byrne, H. Entzinger ; pref. de Michael O'Flaherty. 
264 4 |a Exeter, Inglaterra :  |b Routledge,  |c 2020, c2020 
300 |a XVIII, 261 p. 
336 |a texto  |b txt  |2 rdacontenido 
337 |a sin mediación  |b n  |2 rdamedio 
338 |a volumen  |b nc  |2 rdasoporte 
440 1 |a (Routledge Research in Human Rights Law) 
521 |a Peticiones 2020 
649 |a XX 
650 |a Agencia de los Derechos Fundamentales de la Unión Europea -  |x Tema Principal 
650 |a Derechos Humanos -  |z Unión Europea -  |x Tema Principal 
650 |a Derechos Humanos -  |z Europa 
650 |a Derecho Internacional Público 
650 |a Política -  |z Unión Europea 
650 |a Unión Europea -  |x Condiciones Jurídicas 
650 |a Unión Europea -  |x Condiciones Políticas 
700 |a Entzinger, Han  |e (edición) 
910 |a Fondo General 
920 |a Impresos - Libros 
930 |a Colección General 
905 |a 101 
901 |a 0500329040  |b IT1  |c ACC  |i C172257  |u 20250521 
902 |a https://opac.biblio.iteso.mx/vufind/Record/000418867